000 00571nam a2200193Ii 4500
003 JO-AjNU
008 230605s9999||||xx |||||||||||||| ||und||
040 _aJO-AjNU
_bara
_erda
_cJO-AjNU
041 _aara
050 1 4 _aQA36.K3
100 3 _aيعقوب، كمال رياض,
_eauthor
_936127
245 0 0 _aالرياضيات الحديثة ج1(ملحق)
264 3 1 _aد.م: د.ن ، د. ت
300 _a111ص
336 _atext
_btxt
_2rdacontent
337 _aunmediated
_bn
_2rdamedia
338 _avolume
_bnc
_2rdacarrier
650 4 _aالرياضيات
_936128
999 _aA14981
_c18549
_d18549